Statistiques concernant Focus sur: Morane - Harry Potter

Cliquez ici pour prendre le quiz!

Statistiques générales

  • Ce quiz a été pris 19 fois
  • Le résultat moyen est 5 sur 5

Statistiques - réponses

Informations recherchéesRéponses% Correct
Lieu de "rencontre" avec Harry PotterCoupe du monde de Quidditch
100%
Première apparitionHarry Potter et la Coupe de Feu
100%
ProfessionJoueuse de Quidditch
94%
Equipe de Quidditch (pays)Irlande
88%
Poste occupé au QuidditchPoursuiveuse
88%

Distribution des résultats

Percentile par nombre de réponses

% des personnes avec chaque résultat

Votre développement - résultats

Vous n’avez pas pris ce quiz